Sungai (Record no. 34820)

MARC details
000 -LEADER
fixed length control field 00733nam a2200277 i 4500
001 - CONTROL NUMBER
control field C2-0121908
003 - CONTROL NUMBER IDENTIFIER
control field PPAK
005 - DATE AND TIME OF LATEST TRANSACTION
control field 20180727113421.0
008 - FIXED-LENGTH DATA ELEMENTS--GENERAL INFORMATION
fixed length control field 970821s1995 my a|||| ||||| | may d
020 ## - INTERNATIONAL STANDARD BOOK NUMBER
International Standard Book Number 9838032395
040 ## - CATALOGING SOURCE
Original cataloging agency PPAK
Language of cataloging eng
Transcribing agency PPAK
Description conventions rda
082 04 - DEWEY DECIMAL CLASSIFICATION NUMBER
Classification number 551.483
Edition number 23
090 00 - LOCALLY ASSIGNED LC-TYPE CALL NUMBER (OCLC); LOCAL CALL NUMBER (RLIN)
Classification number (OCLC) (R) ; Classification number, CALL (RLIN) (NR) 551.483
Feature heading SIT
Feature heading K
100 0# - MAIN ENTRY--PERSONAL NAME
Personal name Siti Paujiah,
Relator term author
245 10 - TITLE STATEMENT
Title Sungai
264 #1 - PRODUCTION, PUBLICATION, DISTRIBUTION, MANUFACTURE, AND COPYRIGHT NOTICE
Place of production, publication, distribution, manufacture Petaling Jaya, Selangor :
Name of producer, publisher, distributor, manufacturer Setiamas ,
Date of production, publication, distribution, manufacture, or copyright notice 1995
300 ## - PHYSICAL DESCRIPTION
Extent 34 pages :
Other physical details colour illustrations ;
Dimensions 21 cm
336 ## - CONTENT TYPE
Source rdacontent
Content type term text
337 ## - MEDIA TYPE
Source rdamedia
Media type term unmediated
338 ## - CARRIER TYPE
Source rdacarrier
Carrier type term volume
490 1# - SERIES STATEMENT
Series statement Siri kajian tempatan
650 10 - SUBJECT ADDED ENTRY--TOPICAL TERM
Topical term or geographic name entry element Rivers.
700 ## - ADDED ENTRY--PERSONAL NAME
Relator term author
830 #0 - SERIES ADDED ENTRY--UNIFORM TITLE
Uniform title Siri kajian tempatan
942 ## - ADDED ENTRY ELEMENTS (KOHA)
-- dc
Koha item type Book
Holdings
Withdrawn Not for loan Current library Shelving location Date acquired Total Checkouts Full call number Barcode Date last seen Date last checked out Koha item type Total Renewals
    Perpustakaan Alor Setar Pinjaman Kanak-kanak 30/09/1997 2 K 551.483 SIT A00062817 12/12/2020 23/11/2020 Book  
    Perpustakaan Awam Sungai Petani Pinjaman Kanak-kanak 30/09/1997   K 551.483 SIT A00062818 08/05/2018   Book  
    Perpustakaan Awam Sungai Petani Pinjaman Kanak-kanak 19/11/2003 1 K 551.483 SIT A00401334 26/11/2022 18/10/2022 Book 1
    Perpustakaan Jitra Pinjaman Kanak-kanak 30/09/1997   K 551.483 SIT A00062819 08/05/2018   Book  
    Perpustakaan Jitra Pinjaman Kanak-kanak 16/11/2003   K 551.483 SIT A00826610 08/05/2018   Book  
    Perpustakaan Langkawi Pinjaman Kanak-kanak 26/08/2004   K 551.483 SIT A00853620 08/05/2018   Book